Modern Trends in Journalism and Mass Communication / (Record no. 38343)

MARC details
000 -LEADER
fixed length control field 00866nam a22002297a 4500
005 - DATE AND TIME OF LATEST TRANSACTION
control field 20100731101431.0
010 ## - LCCN (DPL NO)
LC control number ENG-97032
020 ## - INTERNATIONAL STANDARD BOOK NUMBER
International Standard Book Number 9788184350586
Terms of availability 725.00
035 ## - SYSTEM CONTROL NUMBER
System control number EN -80565
037 ## - SOURCE OF ACQUISITION
Source of stock number/acquisition DBAD/PUB
082 ## - DEWEY DECIMAL CLASSIFICATION NUMBER
Classification number 070.4
100 ## - MAIN ENTRY--PERSONAL NAME
Personal name Ghosh, Subrato
245 ## - TITLE STATEMENT
Title Modern Trends in Journalism and Mass Communication /
Statement of responsibility, etc by Subrato Ghosh
260 ## - PUBLICATION, DISTRIBUTION, ETC. (IMPRINT)
Place of publication, distribution, etc New Delhi
Name of publisher, distributor, etc Adhyayan Publishers
Date of publication, distribution, etc 2008
270 ## - ADDRESS
Address 4378/4B, 105, JMD House, Murari Lal Street, Ansari Road, Daryaganj
City New Delhi
Postal code 110002
300 ## - PHYSICAL DESCRIPTION
Extent v, 262p.
Dimensions 22cm (Hb)
500 ## - GENERAL NOTE
General note includes bibliographics and index
650 ## - SUBJECT ADDED ENTRY--TOPICAL TERM
Topical term or geographic name as entry element Journalism
650 ## - SUBJECT ADDED ENTRY--TOPICAL TERM
Topical term or geographic name as entry element Mass Media
942 ## - ADDED ENTRY ELEMENTS (KOHA)
Source of classification or shelving scheme Dewey Decimal Classification
Item type English Books
Classification part 070.4
Call number suffix GHO
Holdings
Withdrawn status Lost status Not for loan Collection code Home library Current library Date acquired Source of acquisition Cost, normal purchase price Full call number Barcode Copy number Cost, replacement price Koha item type
    Not For Loan Non-fiction D.B.Act.Division D.B.Act.Division 31/07/2010 DBAD/PUB 725.00 070.4 GHO EN-80565 1 725.00 English Books

© Delhi Public Library
Hit Counter
free hit counter